00966nam a2200385 a 450000100080000000500110000800800410001902000180006010000190007824500690009726000320016630000150019852000870021365000210030065000130032165000090033465000110034365000110035465000110036565000130037665000100038965000110039965000170041065000100042765000220043765000140045965000120047365000150048565300100050065300160051065300100052665300120053665300140054870000180056213925452009-02-06 1980 bl uuuu 00u1 u #d a90-247-2289-61 aPOLLMER, W. G. aImprovement of quality traits of maize for grain and silage use. aThe Hague: M. Nijhoffc1980 a504p.cil. aImprovement of protein quality for grain use. Silage quality and animal nutrition. aanimal nutrition abreeding acorn aforage alysine asilage aForragem aGrão aLisina aMelhoramento aMilho aNutrição Animal aProteína aSilagem aTratamento aGrain aImprovement aMaize aProtein aTreatment1 aPHIPPS, R. H.